000 00311nam a2200121Ia 4500
005 20251222154356.0
008 251222s9999||||xx |||||||||||||| ||spa||
020 _a978-968-24-5412-7
082 _a631.4/F55
100 _a"FitzPatrick, E. A."
245 0 _aIntroducción a la ciencia de los suelos
942 _cLIB
999 _c35097
_d35097